[Event "Frankfurt-chA"]
[Site "Frankfurt"]
[Date "2012.06.11"]
[Round "6"]
[White "Kabir, Rezaul"]
[Black "Thomele, Michael"]
[Result "1-0"]
[WhiteElo "2043"]
[BlackElo "1868"]
[PlyCount "76"]
[EventDate "2012.04.30"]
[EventType "swiss"]
[EventRounds "7"]
[EventCountry "GER"]
[SourceTitle "EXT 2013"]
[Source "ChessBase"]
[SourceDate "2012.11.22"]
[SourceVersion "1"]
[SourceVersionDate "2012.11.22"]
[SourceQuality "1"]

1. e4 c5 2. Nf3 d6 3. d4 cxd4 4. Nxd4 Nf6 5. Bd3 a6 6. 0-0 g6 7. Kh1 Bg7 8. f4 Qc7 9. Nc3 Nc6 10. Nxc6 bxc6 11. Qe1 0-0 12. Qh4 Rb8 13. f5 e5 14. Bg5 Nd7 15. Bc4 Rb4 16. fxg6 hxg6 17. Bb3 Nc5 18. Bf6 Nxb3 19. axb3 Bxf6 20. Rxf6 Kg7 21. Raf1 Be6 22. Qg5 Rh8 23. Rxe6 fxe6 24. Qf6+ Kg8 25. Qf8+ Kh7 26. Rf7+ Qxf7 27. Qxf7+ Kh6 28. Qxe6 Rd4 29. Qf6 Rg8 30. h4 Kh7 31. Kh2 Rd2 32. Qf7+ Rg7 33. Qc4 Rd4 34. Qxc6 Rf7 35. Nd5 Rf2 36. Qd7+ Kg8 37. Ne7+ Kf8 38. Nxg6+ Kg8 1-0

[Event "Frankfurt-chA"]
[Site "Frankfurt"]
[Date "2012.05.08"]
[Round "2"]
[White "Kabir, Rezaul"]
[Black "Krueger, Till"]
[Result "1/2-1/2"]
[WhiteElo "2043"]
[BlackElo "1857"]
[PlyCount "56"]
[EventDate "2012.04.30"]
[EventType "swiss"]
[EventRounds "7"]
[EventCountry "GER"]
[SourceTitle "EXT 2013"]
[Source "ChessBase"]
[SourceDate "2012.11.22"]
[SourceVersion "1"]
[SourceVersionDate "2012.11.22"]
[SourceQuality "1"]

1. e4 g6 2. d4 Bg7 3. Be3 d6 4. Nc3 a6 5. Qd2 Nd7 6. 0-0-0 b5 7. a3 Bb7 8. f3 Rc8 9. g4 c5 10. Nce2 cxd4 11. Nxd4 Ne5 12. Bd3 Nf6 13. h4 h5 14. gxh5 Rxh5 15. Nge2 Nxd3+ 16. Qxd3 Nd7 17. Ng3 Rhc5 18. Rh2 Ne5 19. Qb3 Nc4 20. h5 Nxe3 21. Qxe3 gxh5 22. Nxh5 Bxd4 23. Qxd4 Qc7 24. Rdd2 d5 25. Qh8+ Kd7 26. Qg7 Rxc2+ 27. Rxc2 Qxh2 28. Rxc8 Kxc8 1/2-1/2

[Event "Frankfurt-ch"]
[Site "Frankfurt"]
[Date "2010.05.17"]
[Round "4"]
[White "Kabir, Rezaul"]
[Black "Goebel, Andreas"]
[Result "1/2-1/2"]
[WhiteElo "2083"]
[BlackElo "2040"]
[PlyCount "34"]
[EventDate "2010.04.26"]
[EventType "swiss"]
[EventRounds "7"]
[EventCountry "GER"]
[SourceTitle "EXT 2011"]
[Source "ChessBase"]
[SourceDate "2010.11.26"]
[SourceVersion "1"]
[SourceVersionDate "2010.11.26"]
[SourceQuality "1"]

1. e4 c5 2. Nf3 d6 3. d4 cxd4 4. Nxd4 Nf6 5. Nc3 g6 6. Be3 Bg7 7. Qd2 Nc6 8. f3 0-0 9. 0-0-0 Nxd4 10. Bxd4 Be6 11. Kb1 Qc7 12. g4 Rfc8 13. h4 Qa5 14. Nd5 Qxd2 15. Nxf6+ Bxf6 16. Rxd2 Bxd4 17. Rxd4 Rc5 1/2-1/2

[Event "Frankfurt-ch"]
[Site "Frankfurt"]
[Date "2009.06.22"]
[Round "6"]
[White "Sarkozy, Benjamin"]
[Black "Kabir, Rezaul"]
[Result "0-1"]
[WhiteElo "1820"]
[BlackElo "2100"]
[PlyCount "68"]
[EventDate "2009.04.27"]
[EventType "tourn"]
[EventRounds "7"]
[EventCountry "GER"]
[SourceTitle "EXT 2010"]
[Source "ChessBase"]
[SourceDate "2010.11.25"]
[SourceVersion "1"]
[SourceVersionDate "2010.11.25"]
[SourceQuality "1"]

1. d4 d5 2. Bf4 e6 3. Nf3 c5 4. e3 Qb6 5. Nc3 c4 6. Qd2 Nf6 7. Ne5 Bb4 8. f3 Nc6 9. g4 Nd7 10. 0-0-0 Qa5 11. Kb1 Ndxe5 12. Bxe5 Nxe5 13. dxe5 b5 14. Ka1 0-0 15. Bg2 Bc5 16. e4 d4 17. Ne2 c3 18. bxc3 dxc3 19. Qxc3 Bb4 20. Qb3 Ba6 21. Rd3 Rac8 22. Rhd1 Rc6 23. c3 Ba3 24. Nd4 Rc4 25. Nc2 Bc5 26. a3 Bxa3 27. Nxa3 b4 28. cxb4 Rxb4 29. Qc3 Bxd3 30. Rxd3 Rfb8 31. Ka2 Qb6 32. Rd2 Rb3 33. Qc1 Qb4 34. Rc2 Rxa3+ 0-1

[Event "Frankfurt-ch"]
[Site "Frankfurt"]
[Date "2009.05.18"]
[Round "4"]
[White "Matthis, Peter"]
[Black "Kabir, Rezaul"]
[Result "1-0"]
[WhiteElo "1843"]
[BlackElo "2100"]
[PlyCount "107"]
[EventDate "2009.04.27"]
[EventType "tourn"]
[EventRounds "7"]
[EventCountry "GER"]
[SourceTitle "EXT 2010"]
[Source "ChessBase"]
[SourceDate "2010.11.25"]
[SourceVersion "1"]
[SourceVersionDate "2010.11.25"]
[SourceQuality "1"]

1. e4 c5 2. Nf3 e6 3. d4 cxd4 4. Nxd4 Nc6 5. Nc3 Qc7 6. Be3 a6 7. Bd3 b5 8. 0-0 Nf6 9. Kh1 Bb7 10. f4 b4 11. e5 bxc3 12. exf6 cxb2 13. Rb1 gxf6 14. Be4 Ba3 15. Qd3 Qa5 16. Qb3 0-0-0 17. Nxc6 Bxc6 18. Bxc6 dxc6 19. Bb6 Qb5 20. Qxa3 Qxb6 21. Rxb2 Qa7 22. Qf3 Kc7 23. Rfb1 Rb8 24. Qh5 Kd6 25. Rxb8 Rxb8 26. Rd1+ Ke7 27. f5 Rb5 28. Qxh7 Rxf5 29. Qh8 Qd4 30. Rg1 Qc4 31. Qc8 Rf2 32. h3 e5 33. Rd1 Rf1+ 34. Rxf1 Qxf1+ 35. Kh2 Qf4+ 36. Kh1 Qc1+ 37. Kh2 Qxc2 38. Qxa6 e4 39. Qa7+ Ke6 40. h4 Qd3 41. Qa8 Qd6+ 42. Kg1 Qc5+ 43. Kf1 Kf5 44. Qc8+ Kf4 45. Qh3 Qc1+ 46. Ke2 Qb2+ 47. Kf1 Qb1+ 48. Kf2 Qxa2+ 49. Kf1 Qb1+ 50. Kf2 Qc2+ 51. Ke1 Qd3 52. g3+ Qxg3+ 53. Qxg3+ Kxg3 54. h5 1-0

[Event "Frankfurt-ch"]
[Site "Frankfurt"]
[Date "2008.06.16"]
[Round "7"]
[White "Schlapp, Thomas"]
[Black "Kabir, Rezaul"]
[Result "1-0"]
[WhiteElo "2257"]
[BlackElo "2100"]
[PlyCount "77"]
[EventDate "2008.04.28"]
[EventType "swiss"]
[EventRounds "7"]
[EventCountry "GER"]
[SourceTitle "EXT 2009"]
[Source "ChessBase"]
[SourceDate "2008.11.26"]
[SourceVersion "1"]
[SourceVersionDate "2008.11.26"]
[SourceQuality "1"]

1. d4 Nf6 2. c4 e6 3. Nc3 Bb4 4. Qc2 d5 5. Bg5 c5 6. cxd5 exd5 7. Nf3 Nc6 8. a3 Qa5 9. Bxf6 gxf6 10. Rd1 Bxc3+ 11. Qxc3 c4 12. Nh4 Be6 13. g3 0-0-0 14. Bg2 Rd6 15. f4 Re8 16. Kf2 Qxc3 17. bxc3 Na5 18. e4 Bg4 19. Rde1 Rb6 20. f5 Rb2+ 21. Ke3 dxe4 22. Kf4 h5 23. h3 Rxg2 24. Nxg2 Bf3 25. Rh2 Nc6 26. Nh4 Ne7 27. g4 hxg4 28. hxg4 Nd5+ 29. Kg3 Rg8 30. Nxf3 exf3 31. Kxf3 Rg7 32. Rh8+ Kc7 33. Ree8 b5 34. Ra8 Nxc3 35. Rxa7+ Kb6 36. Rd7 Kc6 37. Ra7 Kb6 38. Raa8 Na4 39. Rhb8+ 1-0

[Event "Frankfurt-ch"]
[Site "Frankfurt"]
[Date "2008.05.05"]
[Round "2"]
[White "Kabir, Rezaul"]
[Black "Larem, Peter"]
[Result "1-0"]
[WhiteElo "2100"]
[BlackElo "1942"]
[PlyCount "71"]
[EventDate "2008.04.28"]
[EventType "swiss"]
[EventRounds "7"]
[EventCountry "GER"]
[SourceTitle "EXT 2009"]
[Source "ChessBase"]
[SourceDate "2008.11.26"]
[SourceVersion "1"]
[SourceVersionDate "2008.11.26"]
[SourceQuality "1"]

1. e4 e5 2. Nf3 Nf6 3. Nxe5 d6 4. Nf3 Nxe4 5. Nc3 Nxc3 6. dxc3 Be7 7. Be3 0-0 8. Qd2 Nd7 9. 0-0-0 Nc5 10. Kb1 Be6 11. h4 a5 12. Ng5 Bf5 13. f3 a4 14. g4 Be6 15. a3 Qc8 16. Bd3 Nxd3 17. Qxd3 f5 18. Rde1 Bxg5 19. hxg5 g6 20. Bd4 Rf7 21. Rh4 Qd7 22. Reh1 c5 23. Bf6 c4 24. Qd4 Ra5 25. Rh6 Kf8 26. Rxg6 Rd5 27. Qa7 fxg4 28. fxg4 Bxg4 29. Rgh6 Bf5 30. R6h2 Qe8 31. Qf2 b5 32. Re1 Qd7 33. Qh4 Kg8 34. Rhe2 Rf8 35. Re7 Qc6 36. Qh6 1-0

[Event "Frankfurt-ch"]
[Site "Frankfurt"]
[Date "2008.04.28"]
[Round "1"]
[White "Moranda, Katarzyna"]
[Black "Kabir, Rezaul"]
[Result "0-1"]
[WhiteElo "1858"]
[BlackElo "2100"]
[PlyCount "66"]
[EventDate "2008.04.28"]
[EventType "swiss"]
[EventRounds "7"]
[EventCountry "GER"]
[SourceTitle "EXT 2009"]
[Source "ChessBase"]
[SourceDate "2008.11.26"]
[SourceVersion "1"]
[SourceVersionDate "2008.11.26"]
[SourceQuality "1"]

1. d4 Nf6 2. c4 e6 3. Nc3 Bb4 4. a3 Bxc3+ 5. bxc3 b6 6. Nf3 Bb7 7. e3 d6 8. Be2 Nbd7 9. 0-0 e5 10. Qc2 0-0 11. a4 a5 12. Rd1 e4 13. Nd2 Qe7 14. Nb3 h6 15. Ba3 Nh7 16. Bg4 f5 17. Be2 Qg5 18. c5 f4 19. exf4 Qxf4 20. Rf1 Qh4 21. cxd6 Ng5 22. Nd2 Rf6 23. dxc7 Nh3+ 24. Kh1 Nxf2+ 25. Kg1 Re8 26. Qb3+ Kh8 27. c4 e3 28. c8Q Bxc8 29. Nf3 Qg4 30. Rxf2 exf2+ 31. Kxf2 Rxe2+ 32. Kxe2 Qxg2+ 33. Kd1 Rxf3 0-1

[Event "Frankfurt-ch"]
[Site "Frankfurt"]
[Date "2007.06.04"]
[Round "5"]
[White "Kabir, Rezaul"]
[Black "Bischoff, Ulrich"]
[Result "1-0"]
[WhiteElo "2101"]
[BlackElo "2090"]
[PlyCount "75"]
[EventDate "2007.04.30"]
[EventType "swiss"]
[EventRounds "7"]
[EventCountry "GER"]
[SourceTitle "EXT 2008"]
[Source "ChessBase"]
[SourceDate "2007.11.25"]
[SourceVersion "1"]
[SourceVersionDate "2007.11.25"]
[SourceQuality "1"]

1. e4 e5 2. Nf3 Nf6 3. Nxe5 d6 4. Nf3 Nxe4 5. Nc3 Nxc3 6. dxc3 Be7 7. Be3 0-0 8. Qd2 Nc6 9. 0-0-0 Bf6 10. h3 Ne5 11. Nd4 Nc6 12. g4 Nxd4 13. cxd4 d5 14. g5 Be7 15. Bd3 Be6 16. c3 Qd7 17. Qc2 g6 18. h4 Bd6 19. h5 Rae8 20. Rh4 Bf5 21. Bxf5 Qxf5 22. Qxf5 gxf5 23. Rdh1 Re4 24. R4h3 Rfe8 25. Rf3 f4 26. Bd2 f6 27. Rg1 fxg5 28. Rxg5+ Kf7 29. Rxd5 Rg8 30. Kc2 Ke6 31. Rb5 a6 32. Rxb7 Kf5 33. Rd3 Re2 34. f3 Rgg2 35. c4 Kg5 36. c5 Be7 37. Rxc7 Kxh5 38. d5 1-0

[Event "Frankfurt-ch"]
[Site "Frankfurt"]
[Date "2007.05.07"]
[Round "2"]
[White "Koch, Ulrich"]
[Black "Kabir, Rezaul"]
[Result "1-0"]
[WhiteElo "1839"]
[BlackElo "2101"]
[PlyCount "117"]
[EventDate "2007.04.30"]
[EventType "swiss"]
[EventRounds "7"]
[EventCountry "GER"]
[SourceTitle "EXT 2008"]
[Source "ChessBase"]
[SourceDate "2007.11.25"]
[SourceVersion "1"]
[SourceVersionDate "2007.11.25"]
[SourceQuality "1"]

1. d4 Nf6 2. Bf4 e6 3. e3 c5 4. c3 a6 5. Nf3 b5 6. Bd3 Bb7 7. 0-0 Be7 8. h3 0-0 9. Nbd2 d5 10. Re1 Ne4 11. a4 b4 12. c4 Nd7 13. cxd5 exd5 14. dxc5 Ndxc5 15. Nb3 Qe8 16. Nxc5 Bxc5 17. a5 f5 18. Qe2 h6 19. h4 Be7 20. Rec1 Nc5 21. Nd4 Bc8 22. Rc2 Nxd3 23. Qxd3 Bxh4 24. Rac1 Bd7 25. Bd6 Be7 26. Bxe7 Qxe7 27. Rc7 Qd6 28. g3 Rf7 29. Rb7 Rc8 30. Rxc8+ Bxc8 31. Rxf7 Kxf7 32. Nxf5 Qc5 33. Kg2 Bb7 34. Qd4 Qxd4 35. Nxd4 Ke7 36. Kf1 g6 37. Nc2 Kd6 38. Nxb4 Kc5 39. Nc2 Kb5 40. Nd4+ Kxa5 41. Ke2 Kb4 42. f4 Bc8 43. Kd3 a5 44. Nc6+ Ka4 45. Kc3 Bf5 46. Ne7 Be4 47. Ng8 h5 48. Nf6 Kb5 49. Kd4 a4 50. Nxd5 Bf3 51. e4 Bg2 52. e5 Bh3 53. e6 Kc6 54. Ke5 Kc5 55. Nc3 Kb4 56. Kf6 a3 57. bxa3+ Kxc3 58. e7 Bd7 59. Kf7 1-0

[Event "Frankfurt-ch"]
[Site "Frankfurt"]
[Date "2007.04.30"]
[Round "1"]
[White "Kabir, Rezaul"]
[Black "Goetz, Arnold"]
[Result "1-0"]
[WhiteElo "2101"]
[BlackElo "1671"]
[PlyCount "39"]
[EventDate "2007.04.30"]
[EventType "swiss"]
[EventRounds "7"]
[EventCountry "GER"]
[SourceTitle "EXT 2008"]
[Source "ChessBase"]
[SourceDate "2007.11.25"]
[SourceVersion "1"]
[SourceVersionDate "2007.11.25"]
[SourceQuality "1"]

1. e4 Nc6 2. d4 d5 3. e5 Bf5 4. h4 Nb4 5. Na3 h5 6. Be2 e6 7. c3 Nc6 8. Nc2 Bxc2 9. Qxc2 Be7 10. Nf3 Nh6 11. Bd3 Qd7 12. b4 a6 13. a4 Nf5 14. Rb1 f6 15. b5 Na5 16. Qe2 axb5 17. axb5 b6 18. 0-0 Kf7 19. Re1 Rae8 20. Bxf5 1-0

[Event "Karl Mala Memorial op 10th"]
[Site "Griesheim"]
[Date "2006.07.23"]
[Round "6"]
[White "Kabir, Rezaul"]
[Black "Noble, Alexander"]
[Result "1-0"]
[WhiteElo "2096"]
[BlackElo "1967"]
[PlyCount "47"]
[EventDate "2006.07.20"]
[EventType "swiss"]
[EventRounds "7"]
[EventCountry "GER"]
[SourceTitle "CBM 113 Extra"]
[Source "ChessBase"]
[SourceDate "2006.09.14"]
[SourceVersion "1"]
[SourceVersionDate "2006.09.14"]
[SourceQuality "1"]

1. e4 c6 2. d4 d5 3. Nc3 dxe4 4. Nxe4 Bf5 5. Ng3 Bg6 6. Nf3 Nd7 7. h4 h6 8. h5 Bh7 9. Bd3 Bxd3 10. Qxd3 Ngf6 11. Bf4 Qa5+ 12. Bd2 Qc7 13. 0-0-0 e6 14. Kb1 Bd6 15. Ne4 Nxe4 16. Qxe4 Nf6 17. Qe2 Nd7 18. c4 0-0-0 19. Bc3 Rhe8 20. Ne5 Nxe5 21. dxe5 Bf8 22. Rdf1 Qd7 23. Rh3 b5 24. Ba5 1-0

[Event "Karl Mala Memorial op 10th"]
[Site "Griesheim"]
[Date "2006.07.21"]
[Round "2"]
[White "Kabir, Rezaul"]
[Black "Dehne, Julian"]
[Result "1-0"]
[WhiteElo "2096"]
[BlackElo "1881"]
[PlyCount "75"]
[EventDate "2006.07.20"]
[EventType "swiss"]
[EventRounds "7"]
[EventCountry "GER"]
[SourceTitle "CBM 113 Extra"]
[Source "ChessBase"]
[SourceDate "2006.09.14"]
[SourceVersion "1"]
[SourceVersionDate "2006.09.14"]
[SourceQuality "1"]

1. e4 c5 2. Nf3 e6 3. d4 cxd4 4. Nxd4 Nc6 5. Nxc6 bxc6 6. Bd3 d5 7. 0-0 Nf6 8. Nc3 Be7 9. e5 Nd7 10. f4 Nc5 11. Qh5 Nxd3 12. cxd3 Qb6+ 13. Kh1 Qd4 14. Qe2 Ba6 15. Rf3 0-0 16. Bd2 Rfb8 17. Be1 f5 18. a3 Qb6 19. b4 c5 20. Na4 Qb5 21. Nxc5 Bxc5 22. bxc5 Qxc5 23. Bb4 Qd4 24. Rd1 Rc8 25. Be1 Qa4 26. Bb4 Rc2 27. Rd2 Rac8 28. h3 d4 29. Rf2 Rc1+ 30. Kh2 Bb7 31. Qh5 Rb1 32. Qg5 Qd7 33. Rc2 Rc1 34. Rb2 Ba6 35. Rfd2 Re1 36. Bd6 Re3 37. Rb4 Rxd3 38. Rxd4 1-0

[Event "Karl Mala Memorial op 10th"]
[Site "Griesheim"]
[Date "2006.07.21"]
[Round "3"]
[White "Milov, Leonid"]
[Black "Kabir, Rezaul"]
[Result "1-0"]
[WhiteElo "2504"]
[BlackElo "2096"]
[PlyCount "59"]
[EventDate "2006.07.20"]
[EventType "swiss"]
[EventRounds "7"]
[EventCountry "GER"]
[SourceTitle "CBM 113 Extra"]
[Source "ChessBase"]
[SourceDate "2006.09.14"]
[SourceVersion "1"]
[SourceVersionDate "2006.09.14"]
[SourceQuality "1"]

1. e4 c5 2. Nf3 e6 3. Nc3 Nc6 4. d4 cxd4 5. Nxd4 Qc7 6. f4 a6 7. Nxc6 bxc6 8. Bd3 d6 9. 0-0 Nf6 10. Qe2 Be7 11. Kh1 0-0 12. Bd2 c5 13. e5 Nd7 14. exd6 Bxd6 15. Ne4 Bb7 16. Rad1 Rfe8 17. Bc3 Bf8 18. Ng5 g6 19. Nxh7 c4 20. Bxg6 fxg6 21. Ng5 Bd5 22. Qg4 Nc5 23. Qh3 Bg7 24. Qh7+ Kf8 25. Be5 Qb7 26. Bd6+ Re7 27. Bxc5 Bxg2+ 28. Kg1 Bd4+ 29. Rf2 Ke8 30. Qxg6+ 1-0

[Event "Karl Mala Memorial op 10th"]
[Site "Griesheim"]
[Date "2006.07.20"]
[Round "1"]
[White "Goebel, Constantin"]
[Black "Kabir, Rezaul"]
[Result "0-1"]
[WhiteElo "1645"]
[BlackElo "2096"]
[PlyCount "66"]
[EventDate "2006.07.20"]
[EventType "swiss"]
[EventRounds "7"]
[EventCountry "GER"]
[SourceTitle "CBM 113 Extra"]
[Source "ChessBase"]
[SourceDate "2006.09.14"]
[SourceVersion "1"]
[SourceVersionDate "2006.09.14"]
[SourceQuality "1"]

1. e4 c5 2. Nf3 e6 3. d4 cxd4 4. Nxd4 Nc6 5. Nc3 Qc7 6. Be3 a6 7. Be2 b5 8. 0-0 Nf6 9. f3 b4 10. Na4 d5 11. Bd3 Bd6 12. h3 Bd7 13. Kh1 Nxd4 14. Bxd4 Bxa4 15. Bxf6 gxf6 16. exd5 e5 17. Qe2 Qc5 18. f4 Bb5 19. fxe5 fxe5 20. Bxb5+ axb5 21. Qf3 Ra7 22. Rac1 Rg8 23. c3 Rc7 24. Qe4 Rg6 25. Rf3 Qc4 26. Qe3 Qxa2 27. Qd2 Qc4 28. Rcf1 bxc3 29. bxc3 e4 30. Rf5 Qd3 31. Qa2 Kf8 32. Qf2 Rg7 33. Qb6 Qg3 0-1

[Event "Karl Mala Memorial op 09th"]
[Site "Frankfurt"]
[Date "2005.07.29"]
[Round "2"]
[White "Poetsch, Hagen"]
[Black "Kabir, Rezaul"]
[Result "1/2-1/2"]
[WhiteElo "1939"]
[BlackElo "2113"]
[PlyCount "99"]
[EventDate "2005.07.28"]
[EventType "swiss"]
[EventRounds "7"]
[EventCountry "GER"]
[SourceTitle "EXT 2006"]
[Source "ChessBase"]
[SourceDate "2005.11.24"]
[SourceVersion "1"]
[SourceVersionDate "2005.11.24"]
[SourceQuality "1"]

1. e4 c5 2. Nf3 e6 3. c3 d5 4. e5 Qb6 5. d4 Bd7 6. Be2 Bb5 7. c4 Bc6 8. cxd5 Bxd5 9. 0-0 Bxf3 10. Bxf3 cxd4 11. Na3 Bxa3 12. bxa3 Nc6 13. Re1 Nge7 14. Bg5 Ng6 15. Rb1 Qc7 16. Bxc6+ bxc6 17. Qxd4 h6 18. Be3 0-0 19. f4 Rfd8 20. Qe4 Qa5 21. Qxc6 Rac8 22. Qe4 Qxa3 23. Rb7 a5 24. f5 exf5 25. Qxf5 Qxa2 26. Bb6 Qd5 27. Bxd8 Qxb7 28. Bxa5 Rc5 29. Bd2 Qb2 30. Bf4 Qc3 31. Bg3 Qd4+ 32. Bf2 Qd2 33. Bg3 Rc2 34. Qe4 Nf8 35. Rf1 Rc1 36. Qf4 Rxf1+ 37. Qxf1 Ne6 38. h3 Qe3+ 39. Kh2 Qe4 40. Qf3 Nc5 41. Qxe4 Nxe4 42. Bf4 Kf8 43. g4 Ke7 44. Kg2 g5 45. Kf3 Nc5 46. Be3 Nd7 47. Ke4 Ke6 48. Bd4 Nf8 49. Bf2 Ng6 50. Bg3 1/2-1/2

[Event "Frankfurt-ch"]
[Site "Frankfurt"]
[Date "2005.05.09"]
[Round "3"]
[White "Kabir, Rezaul"]
[Black "Yilmaz, Ahmet1"]
[Result "0-1"]
[WhiteElo "2012"]
[BlackElo "1916"]
[PlyCount "84"]
[EventDate "2005.04.25"]
[EventType "swiss"]
[EventRounds "7"]
[EventCountry "GER"]
[SourceTitle "EXT 2006"]
[Source "ChessBase"]
[SourceDate "2005.11.24"]
[SourceVersion "1"]
[SourceVersionDate "2005.11.24"]
[SourceQuality "1"]

1. e4 e5 2. Nf3 Nc6 3. Bb5 a6 4. Ba4 Nf6 5. 0-0 Be7 6. Re1 b5 7. Bb3 d6 8. h3 0-0 9. c3 Na5 10. Bc2 c5 11. d4 Qc7 12. Nbd2 cxd4 13. cxd4 Nc6 14. Nb3 a5 15. Be3 a4 16. Nbd2 Nb4 17. Bb1 Bd7 18. a3 Nc6 19. Bd3 Qb8 20. Nf1 b4 21. Ng3 Rc8 22. Qe2 g6 23. d5 Na5 24. Nh2 Nb3 25. Rab1 Nc5 26. Bxc5 Rxc5 27. Ng4 Nxg4 28. hxg4 bxa3 29. bxa3 Qc8 30. Nf5 gxf5 31. gxf5 Bg5 32. Qg4 f6 33. g3 Be8 34. f4 h5 35. Qf3 Bh6 36. Kh1 Rb8 37. Rbd1 Rb3 38. Rg1 Rcc3 39. g4 exf4 40. gxh5+ Kh7 41. Qg4 Bf7 42. Bf1 Rxa3 0-1

[Event "Frankfurt-ch"]
[Site "Frankfurt"]
[Date "2005.05.02"]
[Round "2"]
[White "Busic, Nedjeljko"]
[Black "Kabir, Rezaul"]
[Result "0-1"]
[WhiteElo "1857"]
[BlackElo "2012"]
[PlyCount "78"]
[EventDate "2005.04.25"]
[EventType "swiss"]
[EventRounds "7"]
[EventCountry "GER"]
[SourceTitle "EXT 2006"]
[Source "ChessBase"]
[SourceDate "2005.11.24"]
[SourceVersion "1"]
[SourceVersionDate "2005.11.24"]
[SourceQuality "1"]

1. e4 c5 2. Nf3 e6 3. d4 cxd4 4. Nxd4 Nc6 5. Nc3 Qc7 6. Be2 a6 7. 0-0 b5 8. Be3 Nf6 9. Nxc6 dxc6 10. f4 b4 11. Na4 c5 12. Bf3 Bb7 13. e5 Nd5 14. Bxd5 Bxd5 15. b3 Be7 16. Nb2 0-0 17. Qe2 a5 18. Nc4 a4 19. h3 Ra7 20. Rad1 Rfa8 21. Bc1 Qc6 22. Ne3 c4 23. bxc4 Be4 24. Kh2 Bc5 25. Rd2 Qb6 26. Rfd1 h6 27. Nf1 Bg6 28. Rd7 Rxd7 29. Rxd7 Qc6 30. Qd2 Qe4 31. g4 Qxc4 32. Ng3 Bxc2 33. f5 Bb1 34. Nh5 Qxa2 35. fxe6 Qxe6 36. Bb2 a3 37. Nf4 Qa2 38. e6 Qxb2 39. exf7+ Kh7 0-1

[Event "Karl Mala Memorial op 07th"]
[Site "Griesheim"]
[Date "2003.07.26"]
[Round "4"]
[White "Kabir, Rezaul"]
[Black "Schlamp, Robert"]
[Result "0-1"]
[WhiteElo "2027"]
[BlackElo "2322"]
[PlyCount "68"]
[EventDate "2003.07.24"]
[EventType "swiss"]
[EventRounds "7"]
[EventCountry "GER"]
[SourceTitle "EXT 2004"]
[Source "ChessBase"]
[SourceDate "2003.11.25"]
[SourceVersion "1"]
[SourceVersionDate "2003.11.25"]
[SourceQuality "1"]

1. e4 e5 2. Nf3 Nc6 3. Bb5 d6 4. c4 Nf6 5. Nc3 Be7 6. d4 exd4 7. Nxd4 Bd7 8. Bxc6 bxc6 9. 0-0 0-0 10. f4 c5 11. Nf3 Bc6 12. Qd3 Re8 13. Bd2 Bf8 14. Rae1 g6 15. Nd5 Bxd5 16. exd5 Qd7 17. Bc3 Nh5 18. g3 Qg4 19. Kf2 Bh6 20. Rxe8+ Rxe8 21. Re1 Rxe1 22. Bxe1 Bg7 23. Qb3 Bd4+ 24. Nxd4 cxd4 25. Qd3 Qh3 26. Kf3 Qxh2 27. Qxd4 Qh1+ 28. Ke2 Qg2+ 29. Kd1 Qf3+ 30. Kc2 Qe2+ 31. Qd2 Qxc4+ 32. Kb1 Nf6 33. Qe3 Nxd5 34. Qxa7 Qe4+ 0-1

[Event "Frankfurt-ch"]
[Site "Frankfurt"]
[Date "2003.05.12"]
[Round "3"]
[White "Kabir, Rezaul"]
[Black "Schlamp, Robert"]
[Result "0-1"]
[WhiteElo "2027"]
[BlackElo "2317"]
[PlyCount "48"]
[EventDate "2003.04.??"]
[EventType "swiss"]
[EventRounds "7"]
[EventCountry "GER"]
[SourceTitle "EXT 2004"]
[Source "ChessBase"]
[SourceDate "2003.11.25"]
[SourceVersion "1"]
[SourceVersionDate "2003.11.25"]
[SourceQuality "1"]

1. e4 e5 2. Nf3 Nc6 3. Bb5 Bc5 4. c3 Nge7 5. d4 exd4 6. cxd4 Bb4+ 7. Nc3 d5 8. e5 0-0 9. a3 Ba5 10. b4 Bb6 11. Na4 Bg4 12. Nxb6 axb6 13. Bb2 Nf5 14. Bxc6 bxc6 15. Rc1 Nh4 16. h3 Bxf3 17. gxf3 Qg5 18. Rc3 f6 19. f4 Qg2 20. Rf1 fxe5 21. fxe5 Nf3+ 22. Ke2 Rf4 23. Rb3 Nh2 24. Rg3 Re4+ 0-1

[Event "Rhein Main op 05th"]
[Site "Frankfurt"]
[Date "2002.06.02"]
[Round "7"]
[White "Lasinskas, Povilas"]
[Black "Kabir, Rezaul"]
[Result "1-0"]
[WhiteElo "2197"]
[BlackElo "2038"]
[PlyCount "123"]
[EventDate "2002.05.??"]
[EventType "swiss"]
[EventRounds "7"]
[EventCountry "GER"]
[SourceTitle "EXT 2003"]
[Source "ChessBase"]
[SourceDate "2002.11.25"]
[SourceVersion "1"]
[SourceVersionDate "2002.11.25"]
[SourceQuality "1"]

1. e4 c5 2. Nf3 d6 3. d4 cxd4 4. Nxd4 Nf6 5. Nc3 a6 6. Bg5 e6 7. f4 Qc7 8. Qf3 Be7 9. 0-0-0 Nbd7 10. g4 b5 11. Bxf6 gxf6 12. a3 Bb7 13. h4 Qa5 14. Rh3 b4 15. Nb3 Qb6 16. axb4 Qxb4 17. Rd4 Qb6 18. Na4 Qa7 19. Qd1 Nb6 20. Na5 Rb8 21. Nxb6 Qxb6 22. Nc4 Qa7 23. Nxd6+ Bxd6 24. Rxd6 Bxe4 25. Qd4 Qxd4 26. Rxd4 f5 27. g5 h6 28. Bxa6 hxg5 29. fxg5 Kf8 30. Be2 Kg7 31. h5 Rb7 32. Rc3 Ra8 33. b3 Ra1+ 34. Kd2 Rg1 35. Rc5 Bd5 36. b4 Rxg5 37. b5 Rg2 38. Kd3 Kf6 39. Rh4 Kg5 40. Rh3 f4 41. Kd2 Rg3 42. Rh2 Kh6 43. Rf2 f3 44. Bf1 f5 45. c4 Be4 46. Re5 Re7 47. Ke3 Kxh5 48. c5 Rg2 49. Rxe4 Rxf2 50. Kxf2 fxe4 51. Ke3 Rc7 52. c6 Kg4 53. Kxe4 e5 54. Kxe5 Re7+ 55. Kd6 Re1 56. c7 Rxf1 57. c8Q+ Kg3 58. Qg8+ Kf2 59. b6 Rd1+ 60. Ke5 Ke1 61. Qg1+ Ke2 62. Qg4 1-0

[Event "Karl Mala Memorial op 03rd"]
[Site "Griesheim"]
[Date "1999.08.06"]
[Round "3"]
[White "Kabir, Rezaul"]
[Black "Marchio, Enrico"]
[Result "0-1"]
[WhiteElo "2062"]
[BlackElo "2289"]
[PlyCount "48"]
[EventDate "1999.08.??"]
[EventType "swiss"]
[EventRounds "7"]
[EventCountry "GER"]
[SourceTitle "EXT 2000"]
[Source "ChessBase"]
[SourceDate "1999.11.16"]
[SourceVersion "1"]
[SourceVersionDate "1999.11.16"]
[SourceQuality "1"]

1. e4 e6 2. d4 d5 3. e5 c5 4. c3 Nc6 5. Nf3 Qb6 6. Bd3 cxd4 7. cxd4 Bd7 8. 0-0 Nxd4 9. Nxd4 Qxd4 10. Nc3 a6 11. Qe2 Ne7 12. Kh1 Nc6 13. f4 Bc5 14. Rd1 Qf2 15. Qg4 g6 16. a3 h5 17. Qh3 g5 18. Rf1 g4 19. Rxf2 Bxf2 20. Be3 gxh3 21. Bxf2 hxg2+ 22. Kxg2 Na5 23. b4 Rc8 24. Bd4 Nb3 0-1